000 004320000a22001690004500
041 0 _aENG
082 0 4 _aG 306.2 W2561r
100 1 _aWard, Barbara
245 1 0 _aThe rich nations and the poor nations / Barbara Ward
260 _aNew York, USA : W.W. Norton
300 _a159 Pag
001 9457
942 _cBK
999 _c39463
_d39463
336 _atexto
_btxt
_2rdacontent
337 _2rdamedia
_asin mediación
_bn
338 _2rdacarrier
_avolumen
_bnc